LEADER 00967cam2 22002653 450 001 SON0005998 005 20140610114441.0 100 $a20010312d1993 |||||ita|0103 ba 101 $aita 102 $aIT 200 1 $a<<1: >>Roma e la moneta$fSilvana Balbi de Caro$gFotografie di Saskia van Stegeren 210 $aMilano$cPizzi$d1993 215 $a240 p.$cill.$d30 cm 461 1$1001SOBE00043655$12001 $a<>moneta a Roma e in Italia / Silvana Balbi de Caro ; Fotografie di Saskia van Stegeren 700 1$aBalbi_de_Caro$b, Silvana$3AF00010723$4070$0169627 702 1$aSTEGEREN, Saskia van$3AF00021120$4070 801 0$aIT$bUNISOB$c20140610$gRICA 850 $aUNISOB 852 $aUNISOB$j700$m80840 912 $aSON0005998 940 $aM 102 Monografia moderna SBN 941 $aM 957 $a700$b001617$i-1$gSI$d80840$rACQUISTO$1bethb$2UNISOB$3UNISOB$420140610112432.0$520140610112448.0$6bethb 996 $aRoma e la moneta$9284675 997 $aUNISOB LEADER 03192oam 2200637 450 001 9910137460503321 005 20230125233136.0 010 $a2-8218-1486-0 010 $a2-7226-0171-0 024 7 $a10.4000/books.cdf.506 035 $a(CKB)3170000000061043 035 $a(SSID)ssj0000855511 035 $a(PQKBManifestationID)12386279 035 $a(PQKBTitleCode)TC0000855511 035 $a(PQKBWorkID)10929233 035 $a(PQKB)11647970 035 $a(FrMaCLE)OB-cdf-506 035 $a(oapen)https://directory.doabooks.org/handle/20.500.12854/59007 035 $a(PPN)267951205 035 $a(EXLCZ)993170000000061043 100 $a20160829d2012 uy 0 101 0 $afre 135 $au|b|#---||||| 181 $ctxt$2rdacontent 182 $cc$2rdamedia 183 $acr$2rdacarrier 200 10$aSciences des données $ede la logique du premier ordre à la Toile / Serge Abiteboul 210 $cCollège de France$d2012 210 1$aParis, France :$cFayard,$d2012. 210 4$d©2012 225 0 $aLeðcons inaugurales du Colláege de France Sciences des donnâees 311 $a2-213-66910-4 320 $aIncludes bibliographical references. 330 $aConc?us a? partir d'un langage formel, la logique du premier ordre, les syste?mes de gestion de bases de donne?es relationnels servent de me?diateurs entre l'individu et la machine : ils traduisent les donne?es en informations. Avec l'augmentation du volume de donne?es distribue?es sur la Toile e?merge aujourd'hui une "intelligence collective" fac?onne?e par de grands moteurs de recherches dont le monopole soule?ve des questions e?thiques et politiques. Un des grands de?fis des anne?es a? venir est de de?velopper les technologies qui permettront de trouver, d'e?valuer, de valider, de ve?rifier, de hie?rarchiser l'information pour construire la "Toile des connaissances" de demain. Relational database management systems, using as foundations a formal language, first-order logic, serve as mediators between individuals and machines. With the increase in the volume of data disseminated on the Web, a "collective intelligence" is currently emerging, shaped by large search engines whose monopoly raises ethical and political questions. One of the main challenges for the coming years is the development of technologies that will make it possible to find, evaluate, validate, verify and rank information, and thus to build tomorrow's "Web of knowledge." 606 $aDatabase management 606 $aRelational databases 606 $aFirst-order logic 606 $aWorld Wide Web 606 $aComputer Science 610 $aconnaissance 610 $agestion de bases de données 610 $asciences numériques 610 $ainformatique 615 0$aDatabase management. 615 0$aRelational databases. 615 0$aFirst-order logic. 615 0$aWorld Wide Web. 615 0$aComputer Science. 676 $a005.7 700 $aAbiteboul$b Serge$0315264 801 0$bPQKB 801 2$bUkMaJRU 906 $aBOOK 912 $a9910137460503321 996 $aSciences des données$92263159 997 $aUNINA